000 00601nam a22001817a 4500
999 _c184499
_d184499
005 20220121112250.0
010 _aENG-131296
020 _a978-93-5266-974-5
_c325.00
035 _aEN-114828
037 _bDBAD
082 _a000
100 _aDwivedi, Singh
245 _aStaff Selection Commission Constable (GD):
_bComputer Based Examination (CBE) 2021/
_cSingh & Dwivedi
260 _aNew Delhi
_bPrabhat Exam
_c2019
270 _bNew Delhi
_a4/19, Asaf Ali Road
_e110002
_k23289555, 23289666
_mprabhatbook@gmail.com
300 _a378p.
_c28cm(pbk)
942 _2ddc
_cEN
_h000
_mSTA